ARRUPE JESUIT UNIVERSITY

CORONAVIRUS -STOP THE SPREAD - CLEAN,DISINFECT,COVER

An introductory Hebrew grammar: (Record no. 124957)

MARC details
000 -LEADER
fixed length control field 00906cam a2200277 4500
001 - CONTROL NUMBER
control field 761547
003 - CONTROL NUMBER IDENTIFIER
control field ARRUPE
005 - DATE AND TIME OF LATEST TRANSACTION
control field 20160812100026.0
008 - FIXED-LENGTH DATA ELEMENTS--GENERAL INFORMATION
fixed length control field 680301s1966 stk 000 0 eng
010 ## - LIBRARY OF CONGRESS CONTROL NUMBER
LC control number 68072305
015 ## - NATIONAL BIBLIOGRAPHY NUMBER
National bibliography number B67-21156
040 ## - CATALOGING SOURCE
Original cataloging agency DLC
Transcribing agency DLC
Modifying agency DLC
041 0# - LANGUAGE CODE
Language code of text/sound track or separate title engheb
050 00 - LIBRARY OF CONGRESS CALL NUMBER
Classification number PJ4567
Item number .D37 1966
082 00 - DEWEY DECIMAL CLASSIFICATION NUMBER
Classification number 492.482/4/2
300 ## - PHYSICAL DESCRIPTION
Dimensions 22 1/2 cm.
100 1# - MAIN ENTRY--PERSONAL NAME
Personal name Davidson, A. B.
Fuller form of name (Andrew Bruce),
Dates associated with a name 1831-1902.
9 (RLIN) 24920
245 13 - TITLE STATEMENT
Title An introductory Hebrew grammar:
Remainder of title with progressive exercises in reading, writing and pointing,
Statement of responsibility, etc by the late A. B. Davidson; revised throughout by John Mauchline.
250 ## - EDITION STATEMENT
Edition statement 26th ed.
260 ## - PUBLICATION, DISTRIBUTION, ETC. (IMPRINT)
Place of publication, distribution, etc Edinburgh,
Name of publisher, distributor, etc T. & T. Clark,
Date of publication, distribution, etc 1966.
300 ## - PHYSICAL DESCRIPTION
Extent xiii, 319 p.
350 ## - PRICE (NR) (BK AM CF MU VM SE) [OBSOLETE]
Price 35/-
650 #0 - SUBJECT ADDED ENTRY--TOPICAL TERM
Topical term or geographic name as entry element Hebrew language
General subdivision Grammar.
9 (RLIN) 24922
700 1# - ADDED ENTRY--PERSONAL NAME
Personal name Mauchline, John.
9 (RLIN) 24923
906 ## - LOCAL DATA ELEMENT F, LDF (RLIN)
a 7
b cbc
c orignew
d u
e ncip
f 19
g y-gencatlg
942 ## - ADDED ENTRY ELEMENTS (KOHA)
Source of classification or shelving scheme Library of Congress Classification
Koha item type Monograph ( Printed materials)
Holdings
Withdrawn status Lost status Source of classification or shelving scheme Damaged status Not for loan Collection code Home library Current library Shelving location Date acquired Total Checkouts Full call number Barcode Date last seen Price effective from Koha item type
    Library of Congress Classification     Main Collection ARRUPE LIBRARY ARRUPE LIBRARY Main Collection 12/08/2016   PJ4567 .D37 1966 46500010454 12/08/2016 12/08/2016 Monograph ( Printed materials)

 

Arrupe Library. PO Box MP320 Mt Pleasant, Harare, Zimbabwe
263 242 745411|librarian@aju.ac.zw